Bahtera madani : kumpulan puisi (Record no. 50007)

MARC details
000 -LEADER
fixed length control field 00721nam a2200265 i 4500
001 - CONTROL NUMBER
control field C2-0233518
003 - CONTROL NUMBER IDENTIFIER
control field PPAK
005 - DATE AND TIME OF LATEST TRANSACTION
control field 20180727194309.0
008 - FIXED-LENGTH DATA ELEMENTS--GENERAL INFORMATION
fixed length control field 010528s2001 my |||| ||||| | may d
020 ## - INTERNATIONAL STANDARD BOOK NUMBER
International Standard Book Number 9836271678
040 ## - CATALOGING SOURCE
Original cataloging agency PPAK
Language of cataloging eng
Transcribing agency PPAK
Description conventions rda
082 04 - DEWEY DECIMAL CLASSIFICATION NUMBER
Classification number 899.231
Edition number 23
090 00 - LOCALLY ASSIGNED LC-TYPE CALL NUMBER (OCLC); LOCAL CALL NUMBER (RLIN)
Classification number (OCLC) (R) ; Classification number, CALL (RLIN) (NR) 899.231
Feature heading AZI
Feature heading G
Classification number (OCLC) (R) ; Classification number, CALL (RLIN) (NR) 899.231
Feature heading AZI
Feature heading KAR
Classification number (OCLC) (R) ; Classification number, CALL (RLIN) (NR) 899.231
Feature heading AZI
Feature heading KIH
100 0# - MAIN ENTRY--PERSONAL NAME
Personal name Aziz Deraman,
Relator term author
245 10 - TITLE STATEMENT
Title Bahtera madani : kumpulan puisi
264 #1 - PRODUCTION, PUBLICATION, DISTRIBUTION, MANUFACTURE, AND COPYRIGHT NOTICE
Place of production, publication, distribution, manufacture Kuala Lumpur :
Name of producer, publisher, distributor, manufacturer Dewan Bahasa dan Pustaka ,
Date of production, publication, distribution, manufacture, or copyright notice 2001
300 ## - PHYSICAL DESCRIPTION
Extent xxix, 162 pages ;
Dimensions 22 cm
336 ## - CONTENT TYPE
Source rdacontent
Content type term text
337 ## - MEDIA TYPE
Source rdamedia
Media type term unmediated
338 ## - CARRIER TYPE
Source rdacarrier
Carrier type term volume
650 10 - SUBJECT ADDED ENTRY--TOPICAL TERM
Topical term or geographic name entry element Malay poetry
942 ## - ADDED ENTRY ELEMENTS (KOHA)
-- dc
Koha item type Book
Holdings
Withdrawn Not for loan Current library Shelving location Date acquired Total Checkouts Total Renewals Full call number Barcode Date last seen Date last checked out Koha item type
  Not For Loan Perpustakaan Alor Setar Koleksi Ismail Hussein 16/09/2004     KIH 899.231 AZI A00179671 08/05/2018   Book
  Not For Loan Perpustakaan Alor Setar Koleksi Ismail Hussein 16/09/2004     KIH 899.231 AZI A00179672 08/05/2018   Book
    Perpustakaan Alor Setar Pinjaman Dewasa 09/07/2001     899.231 AZI A00966292 08/05/2018   Book
    Perpustakaan Alor Setar Pinjaman Dewasa 09/07/2001     899.231 AZI A00966293 08/05/2018   Book
    Perpustakaan Awam Sungai Petani Pinjaman Dewasa 09/07/2001     899.231 AZI A00966294 08/05/2018   Book
  Not For Loan Perpustakaan Baling Koleksi A.Rahmad 08/07/2004     KAR 899.231 AZI A00500152 08/05/2018   Book
  Not For Loan Perpustakaan Baling Koleksi Ismail Hussein 16/09/2004     KIH 899.231 AZI A00179670 08/05/2018   Book
    Perpustakaan Baling Pinjaman Dewasa 23/08/2003     899.231 AZI A00807596 08/05/2018   Book
    Perpustakaan Jitra Pinjaman Dewasa 09/07/2001     899.231 AZI A00966295 08/05/2018   Book
    Perpustakaan Kulim Pinjaman Dewasa 09/07/2001 8 5 899.231 AZI A00966297 17/02/2024 01/01/2024 Book
    Perpustakaan Yan Pinjaman Dewasa 09/07/2001     899.231 AZI A00966298 08/05/2018   Book